Σαν Πεκίνπα

Αποθηκεύτηκε σε:
Λεπτομέρειες βιβλιογραφικής εγγραφής
Κύριος συγγραφέας: Βαλούκος, Στάθης, 1951-
Μορφή: Βιβλίο
Γλώσσα:Greek
Δημοσίευση: Αθήνα : Αιγόκερως, c1984.
Σειρά:Κινηματογραφικό αρχείο ; 8
Θέματα:
Ετικέτες: Προσθήκη ετικέτας
Δεν υπάρχουν, Καταχωρήστε ετικέτα πρώτοι!

MARC

LEADER 00000cam a2200000 i 4500
001 1/54177
008 980921s1984 gr | ||| |||| ||gre||
035 |l 10044919 
040 |a GR-MyUA  |b gre  |e AACR2 
041 0 |a gre 
082 0 |a 791.430233092 
100 1 |a Βαλούκος, Στάθης,   |d 1951- 
245 1 0 |a Σαν Πεκίνπα /   |c Δημήτρης Κολιοδήμος.  
260 |a Αθήνα :   |b Αιγόκερως,   |c c1984.  
300 |a 127 σ. :   |b εικ. ;   |c 17 εκ.  
490 1 |a (Κινηματογραφικό αρχείο   |v ; 8)  
500 |a Περιέχει φιλμογραφία.  
600 1 0 |a Peckinpah, Sam,   |d 1926-1984  |x Criticism and interpretation. 
650 0 0 |a Motion picture producers and directors. 
650 0 0 |a Film critics. 
830 0 |a Κινηματογραφικό αρχείο ;  |v  8 
852 |a INST  |b SAMOS  |e 19980921  |h 791.430233092 ΚΟΛ  |p 005300012117  |q 005300012117  |t BK  |y 0 
901 |a BIBL-1998-3 
909 |a Σ  |b 049923 
922 |a 3ΕΛΗ  |b 199809  |c ΒΙΒΛΙΟΘΗΚΗ  |d LEADER